zpět

Detail výsledku týmu

Hospůdka Želenice, Želenice

Datum a čas kvízu

18.5 Celkem bodů Celkový počet nahraných bodů na tomto kvízu bez doplňovacích otázek.
6. Pořadí na kvízu Konečné umístění týmu na tomto kvízu.

Zaznamenané odpovědi

# Otázka Odpověď Body Výsledky
1. Ředitelství silnic a dálnic v... 1
2. Neobvyklý trest dostal starost... 0
3. Tento hvězdný pár už spolu asi... 0
4. Mezinárodní veletrh motocyklů,... 0
5. Český atlet Pavel Maslák získa... 0
6. Které z těchto děl Karla Čapka... 0
7. Zadívejte se na tento obraz Fr... 0
8. Toto dílo by bylo zbytečné pře... 0
9. Hudbu a text písně Kávu si osl... 0
10. Přiřaďte filmy Miloše Formana... 0